LEADER 01762nam0 22004333i 450 001 UFI0301733 005 20231121125907.0 010 $a348706863X 100 $a20141212e19791835||||0itac50 ba 101 | $alat 102 $ade 181 1$6z01$ai $bxxxe 182 1$6z01$an 200 1 $aCarmina$fAlbius Tibullus$gex recensione Car. Lachmanni passim mutata explicuit Ludolphus Dissenius 205 $aRist. anast 210 $aHildesheim [etc.]$cOlms$d1979 215 $a2 v. in 1 (CXCII, 128, 476 p.)$d20 cm 300 $aRist. anast. dell'ed.: Gottingae, 1835. 500 10$aElegiae$3BVEE012454$9CFIV022700$917946 606 $aTibullo, Albio . Elegiae$xEdizioni critiche$2FIR$3RMLC402886$9E 676 $a874.01$9Poesia lirica latina. Periodo romano, fino al 499 ca.$v21 700 1$aTibullus$b, Albius$3CFIV022700$4070$0161758 702 1$aDissen$b, Ludolph Georg$3UMCV016827 790 0$aTibullo$3CFIV022701$zTibullus, Albius 790 1$aTibullo$b, Albio$3PBEV012148$zTibullus, Albius 790 0$aTibull$3SBNV066508$zTibullus, Albius 790 0$aTibulle$3SBNV066509$zTibullus, Albius 790 0$aTibullus$3SBNV066510$zTibullus, Albius 790 1$aTibulo$b, Albio$3SBNV066511$zTibullus, Albius 790 1$aDissenius$b, Ludolphus$3MILV289083$zDissen, Ludolph Georg 790 1$aDissen$b, Ludolph$3MILV289084$zDissen, Ludolph Georg 801 3$aIT$bIT-01$c20141212 850 $aIT-FR0017 899 $aBiblioteca umanistica Giorgio Aprea$bFR0017 $eN 912 $aUFI0301733 950 0$aBiblioteca umanistica Giorgio Aprea$d 52S.SIJ. LL1 Tib.El.Dis.$e 52FLS0000206985 VMB RS $fA $h20170925$i20170925 977 $a 52 996 $aElegiae$917946 997 $aUNICAS LEADER 01133nam0 22002651i 450 001 UON00284733 005 20231205103855.713 100 $a20061201d1984 |0itac50 ba 101 $agre 102 $aGR 105 $a|||| ||||| 200 1 $aTetrakosia grammata tou Kazantzake ston Prebelake$ekai saranta alla Autographa ekdidomena me Scholia, ena Schediasma 'Esoterikes Biografia kai te Chronografia tou Biou tou N. Kazantzake apo ton P. Prevelake 205 $a2. ekd 210 $aAthena$cElene N. Kazantzake$d1984 215 $a87, 753 p., [37] tav.$d21 cm. 620 $aGR$dAtene$3UONL000203 676 $a889$cLetteratura greca moderna$v21 700 1$aKAZANTZAKES$bNikos$3UONV139384$0452565 712 $aKazantzakes$3UONV271355$4650 801 $aIT$bSOL$c20240220$gRICA 899 $aSIBA - SISTEMA BIBLIOTECARIO DI ATENEO$2UONSI 912 $aUON00284733 950 $aSIBA - SISTEMA BIBLIOTECARIO DI ATENEO$dSI GRECO A 1711 $eSI EO 39039 5 1711 996 $aTetrakosia grammata tou Kazantzake ston Prebelake$91245447 997 $aUNIOR